| 000 | 00000nam 2200000zi 4500 |
| 001 | 9.928144 |
| 003 | CaOODSP |
| 005 | 20251103145124 |
| 006 | m o d f |
| 007 | cr cn||||||||| |
| 008 | 231004e202410##oncd ob f000 0 fre d |
| 020 | |a9780660681856 |
| 040 | |aCaOODSP|bfre|erda|cCaOODSP |
| 043 | |an-cn-ab |
| 086 | 1 |aJ4-150/2023F-PDF |
| 100 | 1 |aBourgon, Natacha, |eauteur. |
| 245 | 10|aÉtude de cas sur la lutte du Service de police d'Edmonton contre la maltraitance envers les personnes aînées / |cNatacha Bourgon, Division de la recherche et de la statistique, en collaboration avec l’Unité de protection des personnes aînées du Service de police d’Edmonton. |
| 264 | 1|a[Ottawa] : |bDepartment of Justice Canada = Ministère de la justice Canada, |coctobre 2023. |
| 264 | 4|c©2023 |
| 300 | |a1 ressource en ligne (33 pages) : |bgraphiques |
| 336 | |atexte|btxt|2rdacontent/fre |
| 337 | |ainformatique|bc|2rdamedia/fre |
| 338 | |aressource en ligne|bcr|2rdacarrier/fre |
| 500 | |aTitre de la couverture. |
| 500 | |aPublié aussi en anglais sous le titre : A case study of the Edmonton Police Service's response to senior abuse. |
| 504 | |aComprend des références bibliographiques. |
| 520 | |a« La présente étude porte sur les pratiques de collecte de données du SPE et ses interventions dans les cas de maltraitance envers les personnes aînée »--page 11. |
| 650 | 6|aPersonnes âgées|xViolence envers|zAlberta|zEdmonton. |
| 710 | 1 |aCanada. |bMinistère de la justice, |eorganisme de publication. |
| 710 | 1 |aEdmonton (Alb.).|bPolice Dept, |eauteur. |
| 775 | 08|tA case study of the Edmonton Police Service's response to senior abuse / |w(CaOODSP)9.928143 |
| 856 | 40|qPDF|s540 Ko|uhttps://publications.gc.ca/collections/collection_2024/jus/J4-150-2023-fra.pdf |
| 856 | 4 |qHTML|sS.O.|uhttps://www.justice.gc.ca/fra/pr-rp/jr/ecmae-aeact/index.html |